[Event "ROM-ch U12 Boys"]
[Site "Voineasa"]
[Date "2008.04.16"]
[Round "7"]
[White "Copaciu, Tiberiu George"]
[Black "Pastor, Adrian"]
[Result "0-1"]
[WhiteElo "628"]
[BlackElo "468"]
[PlyCount "88"]
[EventDate "2008.04.08"]
[EventType "swiss"]
[EventRounds "9"]
[EventCountry "ROU"]
[SourceTitle "EXT 2013"]
[Source "ChessBase"]
[SourceDate "2012.11.22"]
[SourceVersion "1"]
[SourceVersionDate "2012.11.22"]
[SourceQuality "1"]

1. e4 e5 2. Nf3 Nc6 3. Bc4 Bc5 4. 0-0 Nf6 5. Nc3 0-0 6. d3 h6 7. Be3 Bb6 8. h3 d6 9. Qd2 Bxe3 10. fxe3 Be6 11. Bb3 Qe7 12. d4 exd4 13. exd4 Bxb3 14. axb3 a6 15. Rfe1 Rfe8 16. Nd5 Qd8 17. Nxf6+ Qxf6 18. Re2 Re7 19. Rf1 Rd8 20. Qc3 g6 21. Ne5 Nxd4 22. Qxd4 Qxe5 23. Qxe5 dxe5 24. c3 Rd3 25. Rff2 Red7 26. Kh2 b5 27. b4 h5 28. Rc2 Kg7 29. Rfe2 c6 30. h4 f6 31. b3 Kf7 32. Kg1 Rd1+ 33. Kf2 Rh1 34. g3 Rd3 35. Ra2 Rh2+ 36. Ke1 Rxe2+ 37. Kxe2 Rxg3 38. Rxa6 Rxc3 39. Kd2 Rxb3 40. Rxc6 Rxb4 41. Kd3 Rb3+ 42. Ke2 Rh3 43. Rb6 Rxh4 44. Rxb5 Rxe4+ 0-1